| 000 | 00862cam a2200265 a 4500 | ||
|---|---|---|---|
| 008 | |||
| 020 | _a155570395X (pbk.) | ||
| 049 | _aMAIN | ||
| 050 | 0 | 0 |
_aZ692.C65 _bMAN |
| 245 | 0 | 0 |
_aManaging the Internet controversy / _cedited by Mark Smith. |
| 260 |
_aNew York : _bNeal-Schuman Publishers, _c2001. |
||
| 300 |
_axii, 226 p. ; _c23 cm. |
||
| 440 | 0 | _aNeal-Schuman netguide series | |
| 504 | _aIncludes bibliographical references.. | ||
| 650 | 0 |
_aInternet access for library users _zUnited States. |
|
| 650 | 0 |
_aInternet _xAccess control _zUnited States. |
|
| 650 | 0 |
_aInformation technology _xSocial aspects _zUnited States. |
|
| 650 | 0 | _aInformation society. | |
| 700 | 1 | _aSmith, Mark. | |
| 907 |
_a.b10303777 _b10-05-12 _c22-11-11 |
||
| 003 | |||
| 005 | 20230123125345.0 | ||
| 040 | _cNUST | ||
| 942 | _cBOOKS | ||
| 999 |
_c140115 _d140115 |
||